000 00472pab a2200169 454500
008 180718b2012 xxu||||| |||| 00| 0 eng d
100 _aBaptist, Carrie
245 _aParticipatory enumerations, in situ upgrading and mega events: The 2009 survey in Joe Slovo, Cape Town
260 _c2012
300 _ap.59-66.
362 _aApr
650 _aHuman settlement
700 _aBolnick, Joel
773 _aEnvironment and Urbanization
908 _aN
909 _a96263
999 _c96263
_d96263